[Event "SWE-chT 0001"]
[Site "Sweden"]
[Date "2001.03.18"]
[Round "11"]
[White "Karlsson, Tomas"]
[Black "Herrstrom, Tony"]
[Result "1-0"]
[WhiteElo "2281"]
[BlackElo "2188"]
[PlyCount "67"]
[EventDate "2000.10.13"]
[EventType "team"]
[EventRounds "11"]
[EventCountry "SWE"]
[SourceTitle "EXT 2006"]
[Source "ChessBase"]
[SourceDate "2005.11.24"]
[SourceVersion "1"]
[SourceVersionDate "2005.11.24"]
[SourceQuality "1"]
[WhiteTeam "Norrkoping Schack 08"]
[BlackTeam "Vaesteras "]
[WhiteTeamCountry "SWE"]
[BlackTeamCountry "SWE"]

1. e4 e5 2. Nf3 d6 3. d4 exd4 4. Nxd4 Nf6 5. Nc3 Be7 6. Be2 0-0 7. 0-0 Nc6 8. f4 Nxd4 9. Qxd4 Bg4 10. Bxg4 Nxg4 11. Qd1 Nf6 12. Qf3 c6 13. Be3 Nd7 14. Rad1 b5 15. a3 a5 16. Ne2 Ra6 17. Ng3 g6 18. Rd3 c5 19. Rfd1 c4 20. R3d2 b4 21. axb4 axb4 22. e5 Ra2 23. Ne4 Rxb2 24. Nxd6 Bxd6 25. Rxd6 Rxc2 26. Rxd7 Qa8 27. Qxa8 Rxa8 28. f5 g5 29. f6 h6 30. e6 fxe6 31. Bc5 Rf8 32. Bxf8 Kxf8 33. Re7 b3 34. Rd8# 1-0

[Event "SWE-chT 0001"]
[Site "Sweden"]
[Date "2001.01.20"]
[Round "6"]
[White "Dedorson, Tomas"]
[Black "Herrstrom, Tony"]
[Result "0-1"]
[WhiteElo "2177"]
[BlackElo "2188"]
[PlyCount "82"]
[EventDate "2000.10.13"]
[EventType "team"]
[EventRounds "11"]
[EventCountry "SWE"]
[SourceTitle "EXT 2006"]
[Source "ChessBase"]
[SourceDate "2005.11.24"]
[SourceVersion "1"]
[SourceVersionDate "2005.11.24"]
[SourceQuality "1"]
[WhiteTeam "Lulea "]
[BlackTeam "Vaesteras "]
[WhiteTeamCountry "SWE"]
[BlackTeamCountry "SWE"]

1. d4 Nf6 2. Nf3 g6 3. Bg5 Bg7 4. Nbd2 0-0 5. e3 d6 6. Be2 Bg4 7. 0-0 c6 8. c3 Na6 9. a4 Nc7 10. a5 Rb8 11. b4 Nfd5 12. Qb3 Ne6 13. Bh4 g5 14. Bg3 Ndc7 15. Bd3 Bh5 16. Qc2 Bg6 17. Bf5 Nd5 18. Ra3 Qc8 19. e4 Ndf4 20. Bxf4 gxf4 21. d5 cxd5 22. exd5 Nc7 23. Nh4 Bxf5 24. Nxf5 Nxd5 25. Qd3 e6 26. Nxg7 Kxg7 27. c4 Ne7 28. Qxd6 Ng6 29. Qd4+ e5 30. Qe4 f5 31. Qe2 e4 32. c5 Qd8 33. f3 Qd4+ 34. Kh1 Qxb4 35. Rb3 exf3 36. Rfxf3 Qxc5 37. Rfc3 Qxa5 38. h3 Rfe8 39. Qf2 Qa1+ 40. Kh2 Re1 41. g4 fxg4 0-1

[Event "SWE-chT 0001"]
[Site "Sweden"]
[Date "2000.12.09"]
[Round "5"]
[White "Herrstrom, Tony"]
[Black "Hedman, Erik"]
[Result "1/2-1/2"]
[WhiteElo "2188"]
[BlackElo "2382"]
[PlyCount "73"]
[EventDate "2000.10.13"]
[EventType "team"]
[EventRounds "11"]
[EventCountry "SWE"]
[SourceTitle "EXT 2006"]
[Source "ChessBase"]
[SourceDate "2005.11.24"]
[SourceVersion "1"]
[SourceVersionDate "2005.11.24"]
[SourceQuality "1"]
[WhiteTeam "Vaesteras "]
[BlackTeam "Stockholm Rockaden"]
[WhiteTeamCountry "SWE"]
[BlackTeamCountry "SWE"]

1. e4 e6 2. d4 d5 3. e5 c5 4. c3 Nc6 5. Be3 Nh6 6. Nf3 Nf5 7. Bd3 cxd4 8. cxd4 Qb6 9. Qd2 Nb4 10. Be2 Bd7 11. Nc3 Be7 12. 0-0 0-0 13. a3 Nc6 14. Bd3 Nxe3 15. Qxe3 f6 16. Na4 Qd8 17. Nc5 fxe5 18. Nxe5 Nxe5 19. Qxe5 Bf6 20. Qe3 Qe7 21. Rae1 b6 22. Qh3 g6 23. Nxd7 Qxd7 24. Rxe6 Qg7 25. Qg4 Rae8 26. Rd6 Bxd4 27. Rxd5 Bxb2 28. h4 Kh8 29. Rd7 Rf7 30. Rxf7 Qxf7 31. a4 Rd8 32. Bc4 Qd7 33. Qg5 Qd2 34. Qe7 Qd7 35. Qe2 Qd2 36. Qe7 Qd7 37. Qe2 1/2-1/2

[Event "SWE-chT 0001"]
[Site "Sweden"]
[Date "2000.10.14"]
[Round "2"]
[White "Svensson, Sven"]
[Black "Herrstrom, Tony"]
[Result "1/2-1/2"]
[WhiteElo "2287"]
[BlackElo "2188"]
[PlyCount "50"]
[EventDate "2000.10.13"]
[EventType "team"]
[EventRounds "11"]
[EventCountry "SWE"]
[SourceTitle "EXT 2006"]
[Source "ChessBase"]
[SourceDate "2005.11.24"]
[SourceVersion "1"]
[SourceVersionDate "2005.11.24"]
[SourceQuality "1"]
[WhiteTeam "Skara"]
[BlackTeam "Vaesteras "]
[WhiteTeamCountry "SWE"]
[BlackTeamCountry "SWE"]

1. d4 Nf6 2. c4 c5 3. e3 g6 4. Nc3 Bg7 5. Nf3 0-0 6. Be2 b6 7. 0-0 d6 8. h3 Nc6 9. b3 Bf5 10. Bb2 Ne4 11. Bd3 Nxc3 12. Bxc3 Qd7 13. Rc1 cxd4 14. Bxf5 Qxf5 15. Nxd4 Nxd4 16. Bxd4 Rfd8 17. Bxg7 Kxg7 18. Qd4+ Kg8 19. Rfd1 Rac8 20. Qd5 Qf6 21. Qb7 Rc5 22. Qxa7 Rg5 23. Qxb6 Qf3 24. Qxd8+ Kg7 25. g3 Rxg3+ 1/2-1/2

[Event "SWE-ch qualB"]
[Site "Ronneby"]
[Date "1998.??.??"]
[Round "?"]
[White "Herrstrom, Tony"]
[Black "Zetterberg, Staffan"]
[Result "1/2-1/2"]
[WhiteElo "2280"]
[BlackElo "2200"]
[PlyCount "24"]
[EventDate "1998.??.??"]
[EventType "tourn"]
[EventRounds "13"]
[EventCountry "SWE"]
[SourceTitle "EXT 2000"]
[Source "ChessBase"]
[SourceDate "1999.11.16"]
[SourceVersion "1"]
[SourceVersionDate "1999.11.16"]
[SourceQuality "1"]

1. e4 Nf6 2. Nc3 d5 3. e5 d4 4. exf6 dxc3 5. fxg7 cxd2+ 6. Qxd2 Qxd2+ 7. Bxd2 Bxg7 8. 0-0-0 Nc6 9. Bb5 Bd7 10. Nf3 h6 11. Rhe1 e6 12. Bf4 0-0-0 1/2-1/2

[Event "SWE-ch qualB"]
[Site "Haninge"]
[Date "1997.??.??"]
[Round "3"]
[White "Herrstrom, Tony"]
[Black "Hogberg, Jan"]
[Result "1-0"]
[WhiteElo "2205"]
[BlackElo "2240"]
[PlyCount "93"]
[EventDate "1997.??.??"]
[EventType "tourn"]
[EventRounds "13"]
[EventCountry "SWE"]
[SourceTitle "EXT 1999"]
[Source "ChessBase"]
[SourceDate "1998.11.16"]
[SourceVersion "1"]
[SourceVersionDate "1998.11.16"]
[SourceQuality "1"]

1. e4 e6 2. d4 d5 3. e5 c5 4. Nf3 Nc6 5. c3 cxd4 6. cxd4 Bb4+ 7. Nc3 Nge7 8. Bd3 Bd7 9. 0-0 Bxc3 10. bxc3 Na5 11. Rb1 b6 12. Qd2 Nc4 13. Bxc4 dxc4 14. Ng5 Bc6 15. Qf4 0-0 16. f3 Ng6 17. Qg4 Qe7 18. Ne4 f5 19. exf6 gxf6 20. Ba3 Qd7 21. Bxf8 Rxf8 22. Ng3 Qe7 23. h4 f5 24. Qg5 Qxg5 25. hxg5 Nf4 26. Kf2 Rd8 27. Rh1 Be8 28. Ne2 Nd3+ 29. Kg3 Rd5 30. Nf4 Ra5 31. Nxd3 cxd3 32. Rbd1 Bb5 33. Rd2 Bc4 34. Kf4 b5 35. Ke3 Ra3 36. Rc1 a5 37. g3 a4 38. Rh2 Bd5 39. Rf2 Bc4 40. Rb2 Kg7 41. Rh2 Kg8 42. Rch1 Rxc3 43. Rxh7 Rc2 44. g6 Re2+ 45. Kf4 d2 46. Rh8+ Kg7 47. Kg5 1-0